| 000 | 01297nam a2200361 i 4500 | ||
|---|---|---|---|
| 001 | 196247 | ||
| 003 | ES-MaACL | ||
| 005 | 20250511063050.0 | ||
| 008 | 240823s2017 sp | |||| 000 p spa | ||
| 015 | _aMON17 | ||
| 017 |
_aCO 1321-2017 _bOficina Depósito Legal Córdoba |
||
| 020 | _a9788494633874 | ||
| 035 | _a(OCoLC)1201081738 | ||
| 035 | _a(SpMaBN)a6050326 | ||
| 035 | _a991005954789708606 | ||
| 040 |
_aSpMaBN _bspa _cSpMaBN _erdc |
||
| 080 | _a821.134.2-14"19" | ||
| 100 |
_aLuque Muñoz, María Isabel, _d1954- _9238571 _eaut |
||
| 245 | 1 | 0 |
_aLo que habita en mí : _bselección de poemas, 1977-2017 / _cMª Isabel Luque Muñoz. |
| 250 | _a1ª ed. | ||
| 260 |
_aCórdoba : _bUtopía Libros, _c2017. |
||
| 300 |
_a71 p. ; _c22 cm. |
||
| 336 |
_aTexto (visual) _2isbdcontent |
||
| 337 |
_asin mediación _2isbdmedia |
||
| 338 |
_2rdacarrier _avolumen |
||
| 655 | 7 |
_2tgfbne _9176539 _aPoesías |
|
| 852 |
_aES-MaACL _bR.152467 _cDEPOJ _jN-9300 _hDonación: María Isabel Luque Muñoz _xEncuadernación en rústica _9205362 |
||
| 903 |
_9238571 _aLuque Muñoz, María Isabel, _d1954- _ednr |
||
| 942 |
_cMONOGRAFIA _n0 |
||
| 999 |
_c196247 _d196247 |
||